00377nam a2200133 a 450000100100000000500170001000800410002704000250006810000300009324500310012326000380015430000170019250000340020900003979920240502094959.0130722s1976 cu 000 0 spa d aDO-SdBNPbspacBNPHU1 aCastro, Fideld 1926-201610aDiscursos /cFidel Castro. aCuba :bCiencias Sociales,c1976. av. ;c22 cm. aLa biblioteca posee el tomo I